[Event "GBR-ch84"]
[Site "Hove"]
[Date "1997.08.07"]
[Round "4"]
[White "Conquest, Stuart C"]
[Black "Walker, David John"]
[Result "1-0"]
[WhiteElo "2500"]
[BlackElo "2290"]
[PlyCount "47"]
[EventDate "1997.08.04"]
[EventType "swiss"]
[EventRounds "11"]
[EventCountry "GBR"]
[SourceTitle "BritBase"]
[Source "John Saunders"]
[SourceDate "2024.07.04"]
[SourceVersion "1"]
[SourceVersionDate "2024.07.04"]
[SourceQuality "1"]

1. e4 g6 2. Nc3 Bg7 3. f4 d6 4. Bc4 Nc6 5. Nf3 Nf6 6. e5 dxe5 7. fxe5 Ng4 8. d4
Nh6 9. d5 Na5 10. Bd3 c5 11. Bb5+ Bd7 12. Bxh6 Bxh6 13. Qe2 O-O 14. Bxd7 Qxd7
15. O-O f5 16. Rad1 Rfe8 17. Kh1 Rad8 18. e6 Qc7 19. Ne5 Bg7 20. Nf7 Ra8 21. d6
exd6 22. Nxd6 Nc6 23. Nd5 Qa5 24. e7 1-0

[Event "GBR-ch84"]
[Site "Hove"]
[Date "1997.08.07"]
[Round "4"]
[White "Ferguson, Mark"]
[Black "Parker, Jonathan F"]
[Result "1/2-1/2"]
[WhiteElo "2420"]
[BlackElo "2510"]
[PlyCount "52"]
[EventDate "1997.08.04"]
[EventType "swiss"]
[EventRounds "11"]
[EventCountry "GBR"]
[SourceTitle "BritBase"]
[Source "John Saunders"]
[SourceDate "2024.07.04"]
[SourceVersion "1"]
[SourceVersionDate "2024.07.04"]
[SourceQuality "1"]

1. e4 e5 2. Nf3 Nc6 3. Nc3 Nf6 4. g3 d5 5. exd5 Nxd5 6. Bg2 Nxc3 7. bxc3 Bc5 8.
O-O O-O 9. Re1 Re8 10. d4 exd4 11. Rxe8+ Qxe8 12. cxd4 Bb6 13. c4 Bf5 14. c5
Ba5 15. Bb2 Rd8 16. Nh4 Be4 17. Qg4 Bxg2 18. Kxg2 Qe6 19. Nf5 g6 20. Ne3 Qxg4
21. Nxg4 Nxd4 22. Rd1 Ne6 23. Nf6+ Kg7 24. Nd7+ Kg8 25. Nf6+ Kg7 26. Nd7+ Kg8
1/2-1/2

[Event "GBR-ch84"]
[Site "Hove"]
[Date "1997.08.07"]
[Round "4"]
[White "Gallagher, Joseph G"]
[Black "Summerscale, Aaron P"]
[Result "0-1"]
[WhiteElo "2525"]
[BlackElo "2420"]
[PlyCount "77"]
[EventDate "1997.08.04"]
[EventType "swiss"]
[EventRounds "11"]
[EventCountry "GBR"]
[SourceTitle "BritBase"]
[Source "John Saunders"]
[SourceDate "2024.07.04"]
[SourceVersion "1"]
[SourceVersionDate "2024.07.04"]
[SourceQuality "1"]

1. e4 c6 2. d4 d5 3. e5 Bf5 4. Nf3 e6 5. Be2 Nd7 6. O-O h6 7. b3 Ne7 8. c4 Bh7
9. Nc3 Nf5 10. Bb2 h5 11. Qd2 Be7 12. cxd5 cxd5 13. Ne1 h4 14. Nc2 Rc8 15. Bd3
O-O 16. Rae1 Rc6 17. g4 hxg3 18. hxg3 Qa5 19. g4 Nh4 20. Bxh7+ Kxh7 21. Re3 f5
22. exf6 Nxf6 23. f3 Qc7 24. Qe1 Ng6 25. Bc1 Rh8 26. f4 Kg8 27. Rg3 Rh4 28. Bd2
Kf7 29. Qe2 a6 30. Ne1 Bb4 31. Nf3 Bxc3 32. Ng5+ Kg8 33. Rxc3 Rxg4+ 34. Kh1
Rxc3 35. Qxe6+ Kh8 36. Rf2 Rc1+ 37. Kh2 Rxg5 38. Bxc1 Rh5+ 39. Kg3 0-1

[Event "GBR-ch84"]
[Site "Hove"]
[Date "1997.08.07"]
[Round "4"]
[White "Houska, Jovanka"]
[Black "Smith, Andrew Philip"]
[Result "0-1"]
[WhiteElo "2155"]
[BlackElo "2255"]
[PlyCount "74"]
[EventDate "1997.08.04"]
[EventType "swiss"]
[EventRounds "11"]
[EventCountry "GBR"]
[SourceTitle "BritBase"]
[Source "John Saunders"]
[SourceDate "2024.07.04"]
[SourceVersion "1"]
[SourceVersionDate "2024.07.04"]
[SourceQuality "1"]

1. e4 c5 2. Nf3 e6 3. d4 cxd4 4. Nxd4 Nf6 5. Nc3 d6 6. Be2 Be7 7. Be3 a6 8. O-O
Qc7 9. Kh1 b5 10. Bf3 Bb7 11. a3 Nbd7 12. Qe2 Ne5 13. Rad1 O-O 14. Bc1 Rac8 15.
h3 Nxf3 16. Nxf3 d5 17. e5 Ne4 18. Rd3 b4 19. axb4 Bxb4 20. Na2 Be7 21. Rb3 a5
22. Be3 a4 23. Rb6 Nc5 24. Qb5 Rb8 25. Qb4 Ba6 26. Rxb8 Rxb8 27. Qe1 Bxf1 28.
Qxf1 Rxb2 29. Nc3 a3 30. Bc1 Rxc2 31. Nb5 a2 32. Ba3 Qa5 33. Nfd4 Rxf2 34. Qg1
Qd2 35. Nc6 Bf8 36. Bb4 Qf4 37. g3 Qf3+ 0-1

[Event "GBR-ch84"]
[Site "Hove"]
[Date "1997.08.07"]
[Round "4"]
[White "Houska, Miroslav"]
[Black "Morrison, Chris"]
[Result "1-0"]
[WhiteElo "2360"]
[BlackElo "2195"]
[PlyCount "115"]
[EventDate "1997.08.04"]
[EventType "swiss"]
[EventRounds "11"]
[EventCountry "GBR"]
[SourceTitle "BritBase"]
[Source "John Saunders"]
[SourceDate "2024.07.04"]
[SourceVersion "1"]
[SourceVersionDate "2024.07.04"]
[SourceQuality "1"]

1. d4 d6 2. e4 Nf6 3. Nd2 e5 4. Ngf3 Nbd7 5. Bc4 exd4 6. Nxd4 Ne5 7. Bb3 c5 8.
Ne2 b5 9. a4 Qa5 10. Ra2 b4 11. f4 c4 12. Nxc4 Nxc4 13. Bxc4 b3+ 14. Bd2 Qc5
15. Bb5+ Bd7 16. Bxd7+ Kxd7 17. cxb3 Nxe4 18. Rf1 Be7 19. Bc3 Rab8 20. Rf3 Bh4+
21. Kf1 Rhe8 22. g3 Bd8 23. Kg2 g5 24. Bd4 Qd5 25. Kg1 Nd2 26. Rd3 Nf3+ 27. Kf2
Rxe2+ 28. Qxe2 Nxd4 29. Qg4+ Qf5 30. Qxf5+ Nxf5 31. fxg5 Bxg5 32. Ra1 Be3+ 33.
Kg2 Bd4 34. g4 Ne3+ 35. Kf3 Bc5 36. Rc1 Ke6 37. Rxc5 dxc5 38. Rxe3+ Kd6 39. Kf4
Rb4+ 40. Kf5 Rd4 41. Rh3 Rd2 42. Rxh7 Rxb2 43. Rxf7 Rxb3 44. Kg6 Rb4 45. Kh5
Rxa4 46. g5 Ra3 47. h4 a5 48. g6 Rg3 49. Ra7 c4 50. Rxa5 c3 51. Ra8 Re3 52. g7
c2 53. Rc8 Re5+ 54. Kg6 Re6+ 55. Kh7 Re4 56. h5 Re5 57. Rxc2 Rxh5+ 58. Kg6 1-0

[Event "GBR-ch84"]
[Site "Hove"]
[Date "1997.08.07"]
[Round "4"]
[White "Ledger, Andrew J"]
[Black "Rowson, Jonathan"]
[Result "1-0"]
[WhiteElo "2415"]
[BlackElo "2490"]
[PlyCount "81"]
[EventDate "1997.08.04"]
[EventType "swiss"]
[EventRounds "11"]
[EventCountry "GBR"]
[SourceTitle "BritBase"]
[Source "John Saunders"]
[SourceDate "2024.07.04"]
[SourceVersion "1"]
[SourceVersionDate "2024.07.04"]
[SourceQuality "1"]

1. d4 Nf6 2. c3 d6 3. Bg5 Nbd7 4. e3 b6 5. a4 a6 6. Nd2 Bb7 7. Ngf3 h6 8. Bh4
g5 9. Bg3 Nh5 10. e4 e6 11. Bc4 Bg7 12. O-O O-O 13. Ne1 Nxg3 14. hxg3 c5 15.
Nc2 cxd4 16. Nxd4 Bxd4 17. cxd4 Qf6 18. d5 exd5 19. Bxd5 Bxd5 20. exd5 Qxb2 21.
Nc4 Qf6 22. Rb1 Rab8 23. f4 Rfc8 24. fxg5 Qg6 25. Ne3 hxg5 26. Nf5 Re8 27. g4
Nc5 28. Qd4 b5 29. axb5 axb5 30. Rbe1 Nd7 31. Qa7 Ne5 32. Ne7+ Rxe7 33. Qxb8+
Kg7 34. Ra1 Qe4 35. Ra8 Ng6 36. Qg8+ Kh6 37. Ra3 Qe5 38. Rh3+ Nh4 39. Rf5 Qd4+
40. Kh2 Qg7 41. Rxh4+ 1-0

[Event "GBR-ch84"]
[Site "Hove"]
[Date "1997.08.07"]
[Round "4"]
[White "Ledger, Stephen C"]
[Black "Beaumont, Chris R"]
[Result "1-0"]
[WhiteElo "2230"]
[BlackElo "2345"]
[PlyCount "83"]
[EventDate "1997.08.04"]
[EventType "swiss"]
[EventRounds "11"]
[EventCountry "GBR"]
[SourceTitle "BritBase"]
[Source "John Saunders"]
[SourceDate "2024.07.04"]
[SourceVersion "1"]
[SourceVersionDate "2024.07.04"]
[SourceQuality "1"]

1. d4 Nf6 2. Nf3 g6 3. Bf4 Bg7 4. e3 O-O 5. h3 c5 6. c3 d6 7. Be2 Be6 8. Nbd2
Qb6 9. Qc2 cxd4 10. exd4 Nc6 11. Nc4 Qc7 12. Ne3 Nd5 13. Nxd5 Bxd5 14. Qd2 b5
15. Bh6 Na5 16. Bxg7 Kxg7 17. O-O Rab8 18. b3 Rfc8 19. Rfc1 Bxb3 20. axb3 Nxb3
21. Qb2 Nxa1 22. Qxa1 d5 23. Ne1 b4 24. Ba6 b3 25. Qb2 Rd8 26. Nd3 Rd6 27. Nc5
Rc6 28. c4 e6 29. Bb5 Rd6 30. cxd5 Qb6 31. Bc4 exd5 32. Bxb3 Qb4 33. Qc3 Qxc3
34. Rxc3 Rb4 35. Rd3 Rdb6 36. Ba2 Rb2 37. Ra3 R6b4 38. Rxa7 Rd2 39. Bxd5 Rb1+
40. Kh2 Rxf2 41. Nd3 Rf5 42. Ne5 1-0

[Event "GBR-ch84"]
[Site "Hove"]
[Date "1997.08.07"]
[Round "4"]
[White "McDonald, Neil R"]
[Black "Law, Andrew P"]
[Result "1-0"]
[WhiteElo "2490"]
[BlackElo "2330"]
[PlyCount "79"]
[EventDate "1997.08.04"]
[EventType "swiss"]
[EventRounds "11"]
[EventCountry "GBR"]
[SourceTitle "BritBase"]
[Source "John Saunders"]
[SourceDate "2024.07.04"]
[SourceVersion "1"]
[SourceVersionDate "2024.07.04"]
[SourceQuality "1"]

1. e4 e5 2. f4 exf4 3. Bc4 Nf6 4. Nc3 Bb4 5. e5 d5 6. Bb5+ c6 7. exf6 cxb5 8.
fxg7 Rg8 9. Qe2+ Be6 10. Nh3 Qh4+ 11. Qf2 Qxf2+ 12. Nxf2 Nc6 13. Nxb5 O-O-O 14.
c3 a6 15. cxb4 axb5 16. d3 Nd4 17. Bxf4 Nc2+ 18. Kd2 Nxa1 19. Be5 Kd7 20. g4
Nb3+ 21. axb3 f6 22. Bxf6 Ra8 23. h4 Ra6 24. g5 Rc8 25. h5 Rac6 26. g6 Rc2+ 27.
Ke3 Re8 28. Kf3 Bg8 29. h6 Ree2 30. Bd4 Re6 31. Ng4 Ke7 32. Ne3 Rcc6 33. Nxd5+
Kd8 34. gxh7 Bxh7 35. Rg1 Rxh6 36. g8=Q+ Bxg8 37. Rxg8+ Kd7 38. Rg7+ Kd6 39.
Nf4 Rc1 40. Rxb7 1-0

[Event "GBR-ch84"]
[Site "Hove"]
[Date "1997.08.07"]
[Round "4"]
[White "Sadler, Matthew D"]
[Black "Wall, Gavin"]
[Result "1-0"]
[WhiteElo "2665"]
[BlackElo "2330"]
[PlyCount "45"]
[EventDate "1997.08.04"]
[EventType "swiss"]
[EventRounds "11"]
[EventCountry "GBR"]
[SourceTitle "BritBase"]
[Source "John Saunders"]
[SourceDate "2024.07.04"]
[SourceVersion "1"]
[SourceVersionDate "2024.07.04"]
[SourceQuality "1"]

1. d4 f5 2. g3 g6 3. Bg2 Nf6 4. Nf3 Bg7 5. O-O O-O 6. b4 Ne4 7. Bb2 Nc6 8. Qd3
d5 9. a3 Be6 10. Nbd2 g5 11. Rad1 Qe8 12. c4 a6 13. cxd5 Bxd5 14. Nxg5 Nxg5 15.
Bxd5+ e6 16. Bg2 Rd8 17. Qe3 Qg6 18. f4 Nf7 19. Bxc6 bxc6 20. Rc1 Rd6 21. Rc5
Rfd8 22. Nf3 Nh6 23. Qc1 1-0

[Event "GBR-ch84"]
[Site "Hove"]
[Date "1997.08.07"]
[Round "4"]
[White "Sasikiran, Krishnan"]
[Black "Palliser, Richard JD"]
[Result "1-0"]
[WhiteElo "2430"]
[BlackElo "2125"]
[PlyCount "71"]
[EventDate "1997.08.04"]
[EventType "swiss"]
[EventRounds "11"]
[EventCountry "GBR"]
[SourceTitle "BritBase"]
[Source "John Saunders"]
[SourceDate "2024.07.04"]
[SourceVersion "1"]
[SourceVersionDate "2024.07.04"]
[SourceQuality "1"]

1. d4 Nf6 2. Nf3 g6 3. Bg5 Bg7 4. Nbd2 O-O 5. e4 d5 6. Bxf6 Bxf6 7. c3 dxe4 8.
Nxe4 Bg7 9. Bc4 Nd7 10. O-O Nf6 11. Nxf6+ Bxf6 12. Qe1 Qd6 13. Qe3 Bg4 14. Ne5
Be6 15. Bxe6 Qxe6 16. Nd3 Qxe3 17. fxe3 Bg5 18. Kf2 b6 19. Ke2 Rfd8 20. a4 a5
21. Rf3 Rac8 22. Rd1 f6 23. Nf2 c5 24. d5 c4 25. Ne4 Bh6 26. g4 Bg7 27. d6 exd6
28. Rxd6 Rxd6 29. Nxd6 Rc6 30. Ne4 Kf7 31. Rf4 h5 32. gxh5 gxh5 33. Nd2 Bh6 34.
Rd4 Rc5 35. Nxc4 Rg5 36. Rd2 1-0

[Event "GBR-ch84"]
[Site "Hove"]
[Date "1997.08.07"]
[Round "4"]
[White "Ward, Christopher G"]
[Black "Lee, Graham D"]
[Result "1-0"]
[WhiteElo "2505"]
[BlackElo "2350"]
[PlyCount "85"]
[EventDate "1997.08.04"]
[EventType "swiss"]
[EventRounds "11"]
[EventCountry "GBR"]
[SourceTitle "BritBase"]
[Source "John Saunders"]
[SourceDate "2024.07.04"]
[SourceVersion "1"]
[SourceVersionDate "2024.07.04"]
[SourceQuality "1"]

1. d4 Nf6 2. c4 c5 3. d5 e5 4. Nc3 d6 5. e4 Be7 6. g3 a6 7. a4 O-O 8. h4 Nbd7
9. Bh3 Rb8 10. Qd3 Ne8 11. Kf1 Nc7 12. Nge2 b6 13. Kg2 Nf6 14. Bxc8 Qxc8 15.
Rb1 Nd7 16. Be3 g6 17. h5 Nf6 18. hxg6 fxg6 19. b4 Qe8 20. bxc5 bxc5 21. Rxb8
Qxb8 22. Rb1 Qa7 23. a5 Rb8 24. Na4 Bd8 25. Bd2 Nce8 26. f3 Rb7 27. Qc2 Nd7 28.
Rxb7 Qxb7 29. Nb2 Nef6 30. Nd3 Qb8 31. Nf2 Bc7 32. Bc3 Kf7 33. Ng1 Bd8 34. Ne2
Bc7 35. Ng1 Bd8 36. f4 Nh5 37. Nfh3 Bf6 38. Bd2 exf4 39. gxf4 h6 40. Nf3 Qb2
41. Qxb2 Bxb2 42. Nf2 Nhf6 43. Nd3 1-0

[Event "GBR-ch84"]
[Site "Hove"]
[Date "1997.08.08"]
[Round "5"]
[White "Beaumont, Chris R"]
[Black "Regan, Natasha K"]
[Result "1-0"]
[WhiteElo "2345"]
[BlackElo "2170"]
[PlyCount "59"]
[EventDate "1997.08.04"]
[EventType "swiss"]
[EventRounds "11"]
[EventCountry "GBR"]
[SourceTitle "BritBase"]
[Source "John Saunders"]
[SourceDate "2024.07.04"]
[SourceVersion "1"]
[SourceVersionDate "2024.07.04"]
[SourceQuality "1"]

1. Nf3 Nf6 2. c4 c6 3. d4 d5 4. e3 Bf5 5. cxd5 cxd5 6. Qb3 Qc7 7. Nc3 e6 8. Bd2
Nc6 9. Be2 a6 10. O-O Bd6 11. Rfc1 O-O 12. Na4 Ne4 13. Bb4 Bxb4 14. Qxb4 Qxh2+
15. Nxh2 Nxb4 16. Nb6 Rad8 17. Rc7 Nd6 18. Nf3 a5 19. a3 Na6 20. Bxa6 bxa6 21.
Ne5 Nb5 22. Rc5 Rfe8 23. a4 Na7 24. Rxa5 f6 25. Rxa6 fxe5 26. Rxa7 exd4 27.
exd4 e5 28. Rd1 exd4 29. Rxd4 Rd6 30. Rxd5 1-0

[Event "GBR-ch84"]
[Site "Hove"]
[Date "1997.08.08"]
[Round "5"]
[White "Buckley, Graeme N"]
[Black "Sadler, Matthew D"]
[Result "0-1"]
[WhiteElo "2380"]
[BlackElo "2665"]
[PlyCount "80"]
[EventDate "1997.08.04"]
[EventType "swiss"]
[EventRounds "11"]
[EventCountry "GBR"]
[SourceTitle "BritBase"]
[Source "John Saunders"]
[SourceDate "2024.07.04"]
[SourceVersion "1"]
[SourceVersionDate "2024.07.04"]
[SourceQuality "1"]

1. e4 c5 2. Nf3 e6 3. d3 d5 4. Nbd2 Nc6 5. g3 g6 6. Bg2 Bg7 7. O-O Nge7 8. Re1
b6 9. h4 h6 10. Qe2 Ba6 11. Nf1 dxe4 12. Qxe4 Bb7 13. Ne3 O-O 14. Bd2 Rb8 15.
Qf4 e5 16. Qc4 Qd7 17. Qg4 f5 18. Qh3 b5 19. a4 Nd4 20. Nxd4 cxd4 21. Nf1 bxa4
22. Bc1 Rfc8 23. Nd2 Rxc2 24. Nc4 Bxg2 25. Qxg2 Rc8 26. Qf3 e4 27. Qd1 exd3 28.
Ne5 Bxe5 29. Rxe5 Nc6 30. Re1 Re8 31. Bxh6 Rxe1+ 32. Qxe1 Re2 33. Qc1 Ne5 34.
Qc5 d2 35. Rf1 Qb7 36. Qf8+ Kh7 37. Bf4 Nf3+ 38. Kh1 Nxh4+ 39. f3 Qxf3+ 40.
Rxf3 d1=Q+ 0-1

[Event "GBR-ch84"]
[Site "Hove"]
[Date "1997.08.08"]
[Round "5"]
[White "Hebden, Mark L"]
[Black "Sasikiran, Krishnan"]
[Result "1-0"]
[WhiteElo "2575"]
[BlackElo "2430"]
[PlyCount "169"]
[EventDate "1997.08.04"]
[EventType "swiss"]
[EventRounds "11"]
[EventCountry "GBR"]
[SourceTitle "BritBase"]
[Source "John Saunders"]
[SourceDate "2024.07.04"]
[SourceVersion "1"]
[SourceVersionDate "2024.07.04"]
[SourceQuality "1"]

1. d4 d5 2. c4 c6 3. Nf3 Nf6 4. e3 Bf5 5. cxd5 cxd5 6. Qb3 Qb6 7. Qxb6 axb6 8.
Nc3 Nc6 9. Bb5 Bd7 10. Bd2 e6 11. Ke2 Ne4 12. Rhc1 Bd6 13. Bd3 Nxd2 14. Nxd2
Ke7 15. a3 f5 16. g3 Rac8 17. Nb5 Bb8 18. f4 Be8 19. Rc2 Na7 20. Nxa7 Rxc2 21.
Bxc2 Bxa7 22. Nb1 Rg8 23. Nc3 g5 24. Kf2 Bb8 25. Rc1 gxf4 26. exf4 Bc6 27. Bd3
Bd6 28. Ne2 Kd8 29. Ng1 Be7 30. Nf3 Bf6 31. Ke3 Ke7 32. Ne5 Kd6 33. Be2 Ra8 34.
Rc3 Ra4 35. h3 Ra8 36. g4 fxg4 37. hxg4 Rg8 38. Rc1 Rg7 39. Rh1 Bxe5 40. dxe5+
Ke7 41. Rh4 Rf7 42. g5 Kf8 43. Bh5 Rg7 44. Bg4 Bd7 45. Rh6 Ke7 46. Bh5 Ba4 47.
Rf6 Bc2 48. Bg4 Rg6 49. Kd4 Bb1 50. b4 Bc2 51. b5 Bb1 52. Bh3 Be4 53. f5 exf5
54. Bxf5 Rxg5 55. Bxe4 dxe4 56. Rxb6 e3 57. Rxb7+ Ke6 58. Rb6+ Kf5 59. Kxe3
Kxe5 60. a4 Rg3+ 61. Kd2 Ra3 62. Ra6 h5 63. Kc2 Kd5 64. Kb2 Rg3 65. Rh6 Kc4 66.
b6 Rg2+ 67. Kc1 Rg1+ 68. Kd2 Rg2+ 69. Ke3 Rb2 70. a5 Kb5 71. Rh8 Ka6 72. Ra8+
Kb7 73. Ra7+ Kc6 74. Kd4 h4 75. Kc4 h3 76. Rc7+ Kd6 77. Rh7 h2 78. Rh6+ Kd7 79.
Kc5 Kc8 80. a6 Rc2+ 81. Kd4 Rb2 82. Rh8+ Kd7 83. b7 Kc6 84. Rc8+ Kd6 85. Rc1
1-0

[Event "GBR-ch84"]
[Site "Hove"]
[Date "1997.08.08"]
[Round "5"]
[White "Hunt, Harriet V"]
[Black "Rudd, Jack"]
[Result "1-0"]
[WhiteElo "2360"]
[BlackElo "2170"]
[PlyCount "77"]
[EventDate "1997.08.04"]
[EventType "swiss"]
[EventRounds "11"]
[EventCountry "GBR"]
[SourceTitle "BritBase"]
[Source "John Saunders"]
[SourceDate "2024.07.04"]
[SourceVersion "1"]
[SourceVersionDate "2024.07.04"]
[SourceQuality "1"]

1. e4 c5 2. Nf3 d6 3. d4 cxd4 4. Nxd4 Nf6 5. Nc3 g6 6. Bc4 Bg7 7. O-O O-O 8.
Re1 Nc6 9. h3 Bd7 10. Bg5 Nxd4 11. Qxd4 Bc6 12. Qe3 Qa5 13. Rad1 Rac8 14. Bb3
Rfe8 15. Nd5 Bxd5 16. exd5 Qc5 17. Qd2 Qc7 18. c3 b5 19. Re2 Qb7 20. Rde1 Rc5
21. Be3 Rc7 22. Bd4 Rb8 23. Qg5 a5 24. a3 Rbc8 25. h4 h5 26. Qd2 Ng4 27. Bxg7
Kxg7 28. Re4 Qa7 29. Rd4 Rb7 30. Bd1 Ne5 31. Kh1 Rc4 32. f4 Rxd4 33. cxd4 Nc4
34. Qf2 f5 35. Re6 g5 36. fxg5 Ne5 37. Qf4 Rc7 38. b3 Nf7 39. Bxh5 1-0

[Event "GBR-ch84"]
[Site "Hove"]
[Date "1997.08.08"]
[Round "5"]
[White "Kinsman, Andrew PH"]
[Black "Ledger, Stephen C"]
[Result "1-0"]
[WhiteElo "2395"]
[BlackElo "2230"]
[PlyCount "65"]
[EventDate "1997.08.04"]
[EventType "swiss"]
[EventRounds "11"]
[EventCountry "GBR"]
[SourceTitle "BritBase"]
[Source "John Saunders"]
[SourceDate "2024.07.04"]
[SourceVersion "1"]
[SourceVersionDate "2024.07.04"]
[SourceQuality "1"]

1. d4 Nf6 2. Nf3 c5 3. d5 b5 4. Bg5 Qb6 5. Bxf6 gxf6 6. e4 d6 7. Nbd2 Bb7 8. a4
b4 9. a5 Qc7 10. Bb5+ Nd7 11. Nc4 Rb8 12. c3 Bc8 13. Qa4 bxc3 14. bxc3 Bg7 15.
O-O O-O 16. Ne3 Ne5 17. Nh4 e6 18. f4 Ng6 19. Nxg6 hxg6 20. f5 Bh6 21. Ng4 Bg5
22. h4 Bxh4 23. e5 exf5 24. Nh6+ Kg7 25. Qxh4 fxe5 26. Rxf5 gxf5 27. Qg5+ Kh7
28. Nxf5 f6 29. Qh6+ Kg8 30. Qg6+ Kh8 31. Kf2 Rf7 32. Rh1+ Rh7 33. Qe8# 1-0

[Event "GBR-ch84"]
[Site "Hove"]
[Date "1997.08.08"]
[Round "5"]
[White "Kosten, Anthony C"]
[Black "Ansell, Simon T"]
[Result "1/2-1/2"]
[WhiteElo "2530"]
[BlackElo "2390"]
[PlyCount "38"]
[EventDate "1997.08.04"]
[EventType "swiss"]
[EventRounds "11"]
[EventCountry "GBR"]
[SourceTitle "BritBase"]
[Source "John Saunders"]
[SourceDate "2024.07.04"]
[SourceVersion "1"]
[SourceVersionDate "2024.07.04"]
[SourceQuality "1"]

1. e4 c5 2. Nf3 g6 3. d4 Bg7 4. d5 d6 5. h3 Nf6 6. Nc3 O-O 7. a4 Na6 8. Bc4 Nb4
9. O-O e6 10. dxe6 Bxe6 11. Bxe6 fxe6 12. Qe2 d5 13. Rd1 Qb6 14. Bg5 Rae8 15.
a5 Qc6 16. Ne5 Qc7 17. f4 c4 18. exd5 exd5 19. Nxd5 Qc5+ 1/2-1/2

[Event "GBR-ch84"]
[Site "Hove"]
[Date "1997.08.08"]
[Round "5"]
[White "Law, Andrew P"]
[Black "Gallagher, Joseph G"]
[Result "0-1"]
[WhiteElo "2330"]
[BlackElo "2525"]
[PlyCount "54"]
[EventDate "1997.08.04"]
[EventType "swiss"]
[EventRounds "11"]
[EventCountry "GBR"]
[SourceTitle "BritBase"]
[Source "John Saunders"]
[SourceDate "2024.07.04"]
[SourceVersion "1"]
[SourceVersionDate "2024.07.04"]
[SourceQuality "1"]

1. d4 Nf6 2. c4 g6 3. Nc3 Bg7 4. Nf3 d6 5. Bg5 O-O 6. e3 c5 7. Be2 Bf5 8. O-O
h6 9. Bh4 Nbd7 10. Rc1 Qb6 11. b3 Rfe8 12. h3 g5 13. Bg3 Ne4 14. Nxe4 Bxe4 15.
dxc5 Nxc5 16. Nd4 Rad8 17. Nb5 Bb2 18. b4 Ne6 19. Rc3 Bxc3 20. Nxc3 d5 21. Qb3
dxc4 22. Bxc4 Bd3 23. Bxe6 Qxe6 24. Qxe6 fxe6 25. Rc1 Rc8 26. Be5 Red8 27. Re1
Bc4 0-1

[Event "GBR-ch84"]
[Site "Hove"]
[Date "1997.08.08"]
[Round "5"]
[White "Mestel, A Jonathan"]
[Black "Cobb, Charles A"]
[Result "1-0"]
[WhiteElo "2500"]
[BlackElo "2290"]
[PlyCount "85"]
[EventDate "1997.08.04"]
[EventType "swiss"]
[EventRounds "11"]
[EventCountry "GBR"]
[SourceTitle "BritBase"]
[Source "John Saunders"]
[SourceDate "2024.07.04"]
[SourceVersion "1"]
[SourceVersionDate "2024.07.04"]
[SourceQuality "1"]

1. c4 Nf6 2. Nc3 c5 3. g3 g6 4. Bg2 Bg7 5. a3 Nc6 6. Rb1 a5 7. e4 d6 8. Nge2
O-O 9. d3 e5 10. O-O Nd4 11. b4 axb4 12. axb4 b6 13. h3 Bd7 14. b5 Nxe2+ 15.
Qxe2 h6 16. Bb2 Kh7 17. Kh2 Ra7 18. Ra1 Rxa1 19. Rxa1 Qb8 20. Bc1 Bc8 21. Ra3
Bb7 22. Qa2 Ng8 23. Ra7 Ne7 24. h4 h5 25. Bh3 Bh6 26. Bg5 Bxg5 27. hxg5 Kg7 28.
Qa1 f6 29. gxf6+ Rxf6 30. Kg1 Kh6 31. Bd7 g5 32. Nd5 Nxd5 33. exd5 Rf7 34. Bc6
Kg6 35. Bxb7 Rxb7 36. Ra8 Qc7 37. Rg8+ Kh6 38. Qa8 Qf7 39. Qd8 Kh7 40. Rxg5 Rd7
41. Qc8 Ra7 42. Rf5 Qg6 43. Rf8 1-0

[Event "GBR-ch84"]
[Site "Hove"]
[Date "1997.08.08"]
[Round "5"]
[White "Parker, Jonathan F"]
[Black "Bates, Richard A"]
[Result "1/2-1/2"]
[WhiteElo "2510"]
[BlackElo "2345"]
[PlyCount "47"]
[EventDate "1997.08.04"]
[EventType "swiss"]
[EventRounds "11"]
[EventCountry "GBR"]
[SourceTitle "BritBase"]
[Source "John Saunders"]
[SourceDate "2024.07.04"]
[SourceVersion "1"]
[SourceVersionDate "2024.07.04"]
[SourceQuality "1"]

1. d4 d6 2. Nf3 Nf6 3. c4 g6 4. Nc3 Bg7 5. Bg5 O-O 6. e3 c5 7. d5 h6 8. Bh4 e6
9. Be2 exd5 10. cxd5 Na6 11. O-O Nc7 12. a4 b6 13. e4 g5 14. Bg3 Nh5 15. Bd3
Nxg3 16. hxg3 Bg4 17. Be2 Qe7 18. Nd2 Bxe2 19. Qxe2 Bxc3 20. bxc3 Nxd5 21. Qh5
Nf6 22. Qxh6 Nxe4 23. Nxe4 Qxe4 24. Qxd6 1/2-1/2

[Event "GBR-ch84"]
[Site "Hove"]
[Date "1997.08.08"]
[Round "5"]
[White "Rowson, Jonathan"]
[Black "Bisby, Daniel L"]
[Result "1-0"]
[WhiteElo "2490"]
[BlackElo "2205"]
[PlyCount "63"]
[EventDate "1997.08.04"]
[EventType "swiss"]
[EventRounds "11"]
[EventCountry "GBR"]
[SourceTitle "BritBase"]
[Source "John Saunders"]
[SourceDate "2024.07.04"]
[SourceVersion "1"]
[SourceVersionDate "2024.07.04"]
[SourceQuality "1"]

1. e4 Nc6 2. Nf3 d6 3. d4 Nf6 4. c3 Bg4 5. Bd3 e5 6. d5 Ne7 7. h3 Bd7 8. c4 Ng6
9. Nc3 Be7 10. Be3 c6 11. Qb3 Qc7 12. O-O O-O 13. dxc6 bxc6 14. c5 dxc5 15. Qc2
Nh5 16. Na4 Nhf4 17. Bc4 Qc8 18. Bxf4 Nxf4 19. Qc3 Be6 20. Rfd1 Rb8 21. Bf1 f6
22. Nd2 Rd8 23. Nxc5 Bxc5 24. Qxc5 Rxb2 25. Nc4 Rc2 26. Qa5 Rd4 27. Rxd4 exd4
28. Qa4 d3 29. Bxd3 Rc3 30. Bf1 Bxh3 31. Qb4 Qg4 32. Ne3 1-0

[Event "GBR-ch84"]
[Site "Hove"]
[Date "1997.08.08"]
[Round "5"]
[White "Storey, Charles H"]
[Black "Sheldon, Ruth"]
[Result "1-0"]
[WhiteElo "2240"]
[BlackElo "2295"]
[PlyCount "71"]
[EventDate "1997.08.04"]
[EventType "swiss"]
[EventRounds "11"]
[EventCountry "GBR"]
[SourceTitle "BritBase"]
[Source "John Saunders"]
[SourceDate "2024.07.04"]
[SourceVersion "1"]
[SourceVersionDate "2024.07.04"]
[SourceQuality "1"]

1. e4 c5 2. d3 Nc6 3. g3 g6 4. Be3 d6 5. Bg2 Bg7 6. c3 e5 7. f4 Nge7 8. Nf3 O-O
9. O-O b6 10. Nbd2 Ba6 11. c4 Qd7 12. f5 gxf5 13. Bh3 Nd4 14. Nh4 Bb7 15. Bxd4
cxd4 16. Qh5 Qe6 17. Bxf5 Qh6 18. Qe2 Bf6 19. Ng2 Kh8 20. Bg4 Bg5 21. Nf3 Qg7
22. Nxg5 Qxg5 23. Nh4 Rae8 24. Bd7 Rd8 25. Bf5 Ng6 26. Ng2 Rde8 27. Rf2 Kg7 28.
Raf1 Rd8 29. Rf3 Rde8 30. Bd7 Rd8 31. Bf5 Rde8 32. Qf2 Qe7 33. h4 h5 34. g4
hxg4 35. Bxg4 f6 36. Bh5 1-0